000 00623cam a22002293a 4500
001 3120
003 PGUSA
005 20140828083026.0
008 041205s2004||||xxu|||||s|||||000 | eng d
040 _aPGUSA
_beng
042 _adc
050 4 _aPS
100 1 _aWarner, Charles Dudley,
_d1829-1900
245 1 0 _aModern Fiction
_h[electronic resource] /
_cCharles Dudley Warner
260 _bProject Gutenberg,
_c2004
506 _aPublic domain in the USA.
516 _aElectronic text
653 _aLiterature
830 0 _aProject Gutenberg
_v3120
856 4 0 _uhttp://www.gutenberg.org/ebooks/3120
942 _cEB
999 _c232449
_d232449